LDR 01006naa#a2200169#i#450# 001 RU\\bibl\118032 005 20260428120633.2 011 ## _a3033-8239 100 ## _a20260401b2026####ek#y0rusy0150####ca 102 ## _aRU 200 1# _aПравовое регулирование защиты персональных данных в условиях цифровизации: проблемы и перспективы _eЖурнальная статья 210 1# _aАрмавир _cАвтономная некоммерческая организация научно-исследовательский институт «Цифровая философия – Цифровой интеллект» _d2026 215 ## _a0 с. 608 ## _aЖурнальная статья _2local 675 ## _aВозникновение прав. Создание прав. Факторы образования прав. 347.123 _z 700 #1 _aБельгисова _gКристина Викторовна 856 4# _aintellectualsovereignty.ru _u